| 000 | nam a22 7a 4500 | ||
|---|---|---|---|
| 999 |
_c330498 _d330498 |
||
| 003 | NUST | ||
| 005 | 20170718124534.0 | ||
| 008 | 170718b xxu||||| |||| 00| 0 eng d | ||
| 020 | _a9781420085037 | ||
| 040 | _c0 | ||
| 082 | _a620.5 NAN | ||
| 245 |
_aNanotechnology 2008 Materials,Fabrication Particles,and Characterization: _bTechnical Proceedings of the 2008 NSTI Nanotechnology Conference and Trade Show |
||
| 260 |
_aBoston _bNSTI Nanotech _c2008 |
||
| 300 | _a1092p. | ||
| 500 | _aP.B | ||
| 942 |
_2ddc _cBK _kIESE |
||